000 00619nam a2200193Ia 4500
008 140321s9999 xx 000 0 und d
020 _a9780415632546
050 _aTX 911.3.P4
_b.B671 2013
100 _aBoella, Michael J.
245 _aHuman resource management in the hospitality industry :
_ba guide to best practice /
_cMichael J. Boella and Steven Coss-Turner.
250 _a9th ed.
260 _aNew York :
_bRoutledge,
_cc2013.
300 _a331 p. :
_c25 cm.
500 _aIncludes index.
521 _aTOU
650 _aHospitality industry
_xPersonnel management.
942 _kFOR
_cBK
999 _c48523
_d48523